Statistics for State Capitals Closest to Phoenix

Click here to take the quiz!

General Stats

  • This quiz has been taken 54 times
  • The average score is 9 of 10

Answer Stats

DistanceState Capital% Correct
868.6Austin
97%
585.8Denver
97%
633.9Sacramento
97%
506.5Salt Lake City
97%
381.7Santa Fe
97%
736.8Boise
91%
582Carson City
91%
663.9Cheyenne
91%
841.3Oklahoma City
89%
907.7Helena
69%

Score Distribution

Percentile by Number Answered

Percent of People with Each Score

Your Score History

You have not taken this quiz